SAH KE [strikethrough] TAK SAH SOLAT? / (Record no. 204101)

MARC details
000 -LEADER
fixed length control field 00969nam a2200277 i 4500
005 - DATE AND TIME OF LATEST TRANSACTION
control field 20260505160730.0
008 - FIXED-LENGTH DATA ELEMENTS--GENERAL INFORMATION
fixed length control field 260505s2025 my gr 000 0dmay d
020 ## - INTERNATIONAL STANDARD BOOK NUMBER
International Standard Book Number 9786299509332
Terms of availability RM35.00
Qualifying information paperback
040 ## - CATALOGING SOURCE
Original cataloging agency PPAK
Language of cataloging eng
Transcribing agency PPAK
Description conventions rda
082 04 - DEWEY DECIMAL CLASSIFICATION NUMBER
Edition number 23
Classification number 297.3822
090 00 - LOCALLY ASSIGNED LC-TYPE CALL NUMBER (OCLC); LOCAL CALL NUMBER (RLIN)
Classification number (OCLC) (R) ; Classification number, CALL (RLIN) (NR) 297.3822
Feature heading NOO
Feature heading G
100 0# - MAIN ENTRY--PERSONAL NAME
Personal name Noor Hafiz,
Fuller form of name (Mohd Noor Hafiz bin Halip),
Relator term author.
245 10 - TITLE STATEMENT
Title SAH KE [strikethrough] TAK SAH SOLAT? /
Statement of responsibility, etc. NOOR HAFIZ ; Editor: Irfan Ibrahim
264 #1 - PRODUCTION, PUBLICATION, DISTRIBUTION, MANUFACTURE, AND COPYRIGHT NOTICE
Place of production, publication, distribution, manufacture Petaling Jaya, Selangor :
Name of producer, publisher, distributor, manufacturer Faqih Group Sdn Bhd,
Date of production, publication, distribution, manufacture, or copyright notice [2025?]
300 ## - PHYSICAL DESCRIPTION
Extent viii, 234 pages ;
Dimensions 23 cm
336 ## - CONTENT TYPE
Content type term text
Source rdacontent
337 ## - MEDIA TYPE
Media type term unmediated
Source rdamedia
338 ## - CARRIER TYPE
Carrier type term volume
Source rdacarrier
500 ## - GENERAL NOTE
General note Contains quotes from the Hadith.
General note Includes questions and answers.
650 10 - SUBJECT ADDED ENTRY--TOPICAL TERM
Topical term or geographic name entry element Prayer
General subdivision Islam.
Topical term or geographic name entry element Salat
General subdivision Miscellanea.
Topical term or geographic name entry element Islam
General subdivision Customs and practices.
700 0# - ADDED ENTRY--PERSONAL NAME
Personal name Irfan Ibrahim,
Relator term editor.
942 ## - ADDED ENTRY ELEMENTS (KOHA)
Source of classification or shelving scheme Dewey Decimal Classification
Koha item type Book

No items available.